| 000 | 00516nab a2200157Ia 4500 | ||
|---|---|---|---|
| 003 | ES-SlBCS | ||
| 005 | 20210601131331.0 | ||
| 008 | 140529s1989 xxu||||| |||| 00| 0 fre d | ||
| 041 | _afre | ||
| 100 | 1 |
_aDuru-Bellat, Marie _9183283 |
|
| 245 | 0 | 0 |
_aAnalyse de la genèse temporelle des trajectoires scolaires _c Marie Duru-Bellat, Alain Mingat |
| 650 | 0 | 4 |
_aTrayectoria Escolar _9184060 |
| 700 | 1 |
_aMingat, Alain _9183390 |
|
| 773 | 0 |
_tRevue Française de Pedagogie _gnº. 88, 1989, págs. 5-14 _wRev888 |
|
| 942 | _cAR | ||
| 999 |
_c561436 _d561436 |
||